Jessica Jones- All Characters - Statistics

General Stats
  • This quiz has been taken 41 times
  • The average score is 10 of 29
Answer Stats
Hint Name % Correct
Alcoholic PI PI. Jessica Jones
92%
A psychotic superhuman with mind control abilities (deceased-2015) Kevin Thompson/Kilgrave
81%
Hero with unbreakable skin Charles 'Carl' Lucas/Luke Cage
78%
Child star turned radio host Patricia 'Trish' Walker/Patsy
76%
Co-founder of a law firm with The Devil Atty. Franklin P. 'Foggy' Nelson
49%
Co-founder of a large law firm Atty. Jeri Hogarth
49%
Mother to the child star turned radio host Dorothy Walker
43%
The alcoholic PI's neighbour PI. Malcolm Ducasse
43%
Nurse with a penchant for getting involved with super-powered individuals. Claire Temple
38%
Police detective who assists The Devil DS. Brett Mahoney
38%
Father to a psychotic controller Albert Thompson
32%
Head doctor at IGH (deceased-2018) Karl Malus
30%
Rival PI to the alcoholic PI. PI. Pryce Cheng
30%
NYPD sergeant who assists the alcoholic PI in dealing with the psychotic controller (deceased-2018) Sgt. William 'Will' Simpson
30%
One of the psychotic controllers victims (deceased-2015) Hope Shlottman
27%
Mother to the psychotic controller (deceased-2015) Louise Thompson
27%
Detective hunting the alcoholic PI due to her connection with IGH Det. Edward 'Eddy' Costa
24%
Award winning journalist Griffin Sinclair
24%
Former IGH doctor Inez Green
24%
New York's go-to-guy for guns Turk Barrett
24%
NYPD detective involved in the alcoholic PI's case against the psychotic controller (deceased-2015) Det. Oscar Clemons
22%
Detective hunting the alcoholic PI due to her connection with IGH Det. Ruth Sunday
22%
Wife of the law firm's co-founder (deceased-2015) Dr. Wendy Ross-Hogarth
22%
The alcoholic PI's new superintendent Supt. Oscar Arocho
22%
Child of the alcoholic PI's new superintendent Vido Arocho
22%
Co-founder of a large law firm Atty. Steven Benowitz
14%
Morgue attendant at Riverbank Medical Centre Maury Tuttlebaum
14%
Boyfriend of the former IGH doctor (deceased-2018) Shane Ryback
14%
WJBP-TV reporter Thembi Wallace
8%
No matching quizzes found
Score Distribution
Percent of People with Each Score
Percentile by Number Answered
Your Score History
You have not taken this quiz